Statistics for 40 Historical People that Everyone Should Know by Picture

Click here to take the quiz!

General Stats

  • This quiz has been taken 669 times
    (364 since last reset)
  • The average score is 24 of 40

Answer Stats

Answer % Correct
Adolf Hitler
96%
Jesus
95%
Neil Armstrong
94%
Mohandas Gandhi
92%
Martin Luther King Jr.
92%
Abraham Lincoln
91%
Ludwig van Beethoven
88%
William Shakespeare
87%
Napoleon Bonaparte
87%
Winston Churchill
87%
George Washington
86%
Margaret Thatcher
86%
Mao Zedong
83%
Queen Elizabeth I
80%
Julius Caesar
79%
Martin Luther
75%
Rosa Parks
72%
Joan of Arc
71%
Franklin D. Roosevelt
70%
Leonardo da Vinci
69%
Christopher Columbus
68%
Isaac Newton
67%
Vladimir Lenin
67%
Alexander the Great
58%
Amelia Earhart
57%
Thomas Edison
51%
Horatio Nelson
45%
Mark Twain
42%
Charles Dickens
40%
Oliver Cromwell
37%
Muhammad
37%
Charles Darwin
34%
Simón Bolívar
27%
Laozi
27%
Homer
26%
Jane Austen
20%
Hannibal
17%
James Cook
17%
Helen Keller
16%
Johannes Gutenberg
12%

Score Distribution

Percentile by Number Answered

Percent of People with Each Score

Your Score History

You have not taken this quiz since the last reset